000 00691nam a2200217Ia 4500
001 15552
003 GE_BSU
008 181216s||||||||xx |||||||||||||| ||und||
040 _cGE_BSU
100 _aძნელაძე, ვახტანგ
245 _aრაც ძვირფასია
245 _bლექსები
245 _cრედ.დ.ივარდავა.მხატვ.ტ.შეყილაძე
260 _aთბილისი
260 _bსაბჭ. საქართველო
260 _c1976
300 _a152გვ. ; 16სმ.
653 _aლექსები
653 _aრაც ძვირფასია
942 _cBK
999 _c48652
_d48652